| 000 | 00419nam a2200157 4500 | ||
|---|---|---|---|
| 020 | _a0131114921 | ||
| 040 | _cDLC | ||
| 082 | 0 | 0 | _a515 PRE 1972 A062 Or. |
| 100 | 1 | _aChildress, Robert L. | |
| 245 | 1 | 0 | _aCalculus for business and economics |
| 260 |
_aEnglewood Cliffs, N.J., _bPrentice-Hall _c[1972] |
||
| 300 |
_axii, 267 p. _billus. _c24 cm. |
||
| 650 | 0 | _aBusiness mathematics. | |
| 650 | 0 | _aCalculus. | |
| 942 | _cEK | ||
| 999 |
_c15393 _d15393 |
||